[Event "RA-2012-0-00182"]
[Site "LSS email"]
[Date "2012.01.25"]
[Round "?"]
[White "Salas Romero, Santiago"]
[Black "Sukhorskij, Vladimir Stanislavo"]
[Result "1/2-1/2"]
[WhiteElo "2081"]
[BlackElo "2118"]
[PlyCount "47"]
[EventDate "2012.01.07"]
[EventType "tourn (corr)"]
[EventRounds "6"]
[EventCountry "GER"]
[SourceTitle "Corr 2015"]
[Source "ChessBase"]
[SourceDate "2015.07.17"]
[SourceVersion "1"]
[SourceVersionDate "2015.07.17"]
[SourceQuality "1"]

1. e4 c6 2. d4 d5 3. exd5 cxd5 4. c4 e6 5. Nc3 Nf6 6. Nf3 Be7 7. cxd5 Nxd5 8. Bc4 Nc6 9. 0-0 0-0 10. Re1 a6 11. Bb3 Nf6 12. a3 Qc7 13. Bd2 Rd8 14. Rc1 h6 15. h3 Qb8 16. Na4 b5 17. Rxc6 bxa4 18. Bxa4 Bb7 19. Rb6 Qa7 20. Rb3 Bxf3 21. Rxf3 Rxd4 22. Qc2 Nd5 23. Re4 Rd8 24. b4 1/2-1/2

[Event "RA-2011-0-00161"]
[Site "LSS email"]
[Date "2011.11.06"]
[Round "?"]
[White "Lund, Jens Dahlen"]
[Black "Salas Romero, Santiago"]
[Result "1/2-1/2"]
[WhiteElo "2090"]
[BlackElo "2082"]
[PlyCount "65"]
[EventDate "2011.10.23"]
[EventType "tourn (corr)"]
[EventRounds "6"]
[EventCountry "GER"]
[SourceTitle "Telechess CBM 157"]
[Source "ChessBase"]
[SourceDate "2013.11.12"]
[SourceVersion "1"]
[SourceVersionDate "2013.11.12"]
[SourceQuality "1"]

1. e4 c5 2. Nf3 d6 3. d4 cxd4 4. Nxd4 Nf6 5. Nc3 a6 6. Be3 e5 7. Nb3 Be6 8. Qd2 Nbd7 9. f4 Rc8 10. g3 b5 11. f5 Bc4 12. 0-0-0 Qc7 13. Kb1 b4 14. Nd5 Nxd5 15. exd5 Bxf1 16. Rhxf1 a5 17. Qd3 Be7 18. Nd2 a4 19. Ne4 0-0 20. g4 Nf6 21. Nxf6+ Bxf6 22. Bd2 b3 23. cxb3 e4 24. Qxe4 axb3 25. axb3 Ra8 26. Rc1 Qb6 27. Qc4 Rfb8 28. b4 Qa7 29. g5 Qa1+ 30. Kc2 Qxb2+ 31. Kd1 Be5 32. Rf3 Ra1 33. Rxa1 1/2-1/2

[Event "RA-2011-0-00161"]
[Site "LSS email"]
[Date "2011.11.06"]
[Round "?"]
[White "Schlotterbeck, Peter"]
[Black "Salas Romero, Santiago"]
[Result "1-0"]
[WhiteElo "2117"]
[BlackElo "2082"]
[PlyCount "61"]
[EventDate "2011.10.23"]
[EventType "tourn (corr)"]
[EventRounds "6"]
[EventCountry "GER"]
[SourceTitle "Telechess CBM 157"]
[Source "ChessBase"]
[SourceDate "2013.11.12"]
[SourceVersion "1"]
[SourceVersionDate "2013.11.12"]
[SourceQuality "1"]

1. d4 Nf6 2. c4 g6 3. Nc3 d5 4. cxd5 Nxd5 5. e4 Nxc3 6. bxc3 Bg7 7. Bc4 c5 8. Ne2 Nc6 9. Be3 0-0 10. 0-0 Qc7 11. Rb1 Rd8 12. Bf4 Be5 13. Bxe5 Nxe5 14. Bb3 b6 15. f4 Ng4 16. Qd3 e6 17. Rbc1 Rb8 18. h3 Nf6 19. e5 Nd7 20. h4 b5 21. Qh3 Nb6 22. h5 Nc4 23. hxg6 fxg6 24. Ng3 cxd4 25. Ne4 Kh8 26. cxd4 Rxd4 27. Nf6 Bb7 28. Rfd1 Rxd1+ 29. Rxd1 Bd5 30. Rd3 Rg8 31. Kh2 1-0

[Event "LSS SA-2009-0-00101"]
[Site "LSS email"]
[Date "2009.12.05"]
[Round "?"]
[White "Salas Romero, Santiago"]
[Black "Pecotic, Kuzma"]
[Result "1/2-1/2"]
[WhiteElo "2080"]
[BlackElo "2129"]
[PlyCount "32"]
[EventDate "2009.11.20"]
[EventType "tourn (corr)"]
[EventRounds "6"]
[EventCountry "GER"]
[SourceTitle "Corr 2013"]
[Source "ChessBase"]
[SourceDate "2012.11.12"]
[SourceVersion "1"]
[SourceVersionDate "2012.11.12"]
[SourceQuality "1"]
[WhiteTeam "US of America"]
[BlackTeam "US of America"]
[WhiteTeamCountry "USA"]
[BlackTeamCountry "USA"]

1. e4 e5 2. Nf3 Nc6 3. Bc4 Bc5 4. b4 Bxb4 5. c3 Ba5 6. d4 exd4 7. 0-0 dxc3 8. Qb3 Qf6 9. e5 Qg6 10. Nxc3 Nge7 11. Ba3 0-0 12. Rad1 h6 13. Bd3 Qe6 14. Bc4 Qf5 15. Bd3 Qe6 16. Bc4 Qf5 1/2-1/2

[Event "LSS OP-2008-0-00594"]
[Site "LSS email"]
[Date "2008.08.04"]
[Round "?"]
[White "Tomisisch, Claudio"]
[Black "Salas Romero, Santiago"]
[Result "0-1"]
[WhiteElo "1634"]
[BlackElo "2044"]
[PlyCount "96"]
[EventDate "2008.08.03"]
[EventType "tourn (corr)"]
[EventRounds "4"]
[EventCountry "GER"]
[SourceTitle "Corr 2011"]
[Source "ChessBase"]
[SourceDate "2010.08.31"]
[SourceVersion "1"]
[SourceVersionDate "2010.08.31"]
[SourceQuality "1"]

1. e4 c5 2. Nf3 d6 3. d4 cxd4 4. Nxd4 Nf6 5. Nc3 a6 6. Be2 e5 7. Nf3 Be7 8. 0-0 0-0 9. a4 h6 10. Be3 Be6 11. Qd2 Nbd7 12. Rfd1 Ng4 13. Nd5 Bxd5 14. exd5 Rc8 15. c3 f5 16. h3 Nxe3 17. Qxe3 Nc5 18. Bf1 Bf6 19. b4 Ne4 20. Rdc1 a5 21. Rab1 Rf7 22. Rb3 axb4 23. cxb4 Rxc1 24. Qxc1 Rc7 25. Qe3 Qc8 26. Bd3 Ng5 27. Rb1 e4 28. Nxg5 Bxg5 29. f4 Bh4 30. Bb5 Rc2 31. Rf1 Qc3 32. Qxc3 Rxc3 33. a5 Rb3 34. Rc1 Rxb4 35. Rc8+ Kh7 36. Bd7 g6 37. Be6 Rb1+ 38. Kh2 e3 39. Rc7+ Kh8 40. Rc8+ Kg7 41. Rc7+ Kf8 42. Rc8+ Ke7 43. Rc7+ Ke8 44. Rc8+ Bd8 45. Rc2 Bxa5 46. Re2 Bd2 47. g4 fxg4 48. hxg4 b5 0-1

[Event "ESP-ch Student"]
[Site "Cartagena"]
[Date "2007.05.07"]
[Round "2"]
[White "Salas Romero, Santiago"]
[Black "Pallardo Lozoya, Jose Vicente"]
[Result "1-0"]
[WhiteElo "2136"]
[BlackElo "2304"]
[PlyCount "96"]
[EventDate "2007.05.06"]
[EventType "swiss"]
[EventRounds "9"]
[EventCountry "ESP"]
[SourceTitle "CBM 118 Extra"]
[Source "ChessBase"]
[SourceDate "2007.07.04"]
[SourceVersion "1"]
[SourceVersionDate "2007.07.04"]
[SourceQuality "1"]

1. Nf3 g6 2. c4 Bg7 3. e4 d6 4. d4 Nd7 5. Be2 e5 6. 0-0 Ne7 7. Nc3 0-0 8. d5 a5 9. Be3 h6 10. Nd2 f5 11. f3 f4 12. Bf2 g5 13. a3 Rf7 14. b4 Bf8 15. c5 Ng6 16. c6 Nf6 17. cxb7 Bxb7 18. bxa5 Rxa5 19. Qb3 Bc8 20. Qb8 Nd7 21. Qb4 Ra8 22. Bb5 h5 23. Bc6 Rb8 24. Nb5 Nc5 25. Qa5 g4 26. Bxc5 dxc5 27. d6 Bxd6 28. Bd5 g3 29. hxg3 fxg3 30. Rfe1 Nf4 31. Bxf7+ Kxf7 32. Nf1 Rxb5 33. Qxb5 h4 34. Rad1 Bd7 35. Rxd6 cxd6 36. Qb7 Ke6 37. Rd1 Qa5 38. Qb8 Ne2+ 39. Kh1 Nd4 40. Qg8+ Ke7 41. Ne3 Be6 42. Qg7+ Kd8 43. Rb1 Qc7 44. Qf8+ Kd7 45. Nd5 Bxd5 46. exd5 Nc6 47. dxc6+ Kxc6 48. Qa8+ Kd7 1-0

[Event "LSS ZH-2006-0-00047"]
[Site "LSS email"]
[Date "2006.09.15"]
[Round "?"]
[White "Salas Romero, Santiago"]
[Black "Herzog, Klaus"]
[Result "1/2-1/2"]
[WhiteElo "2080"]
[BlackElo "1775"]
[PlyCount "23"]
[EventDate "2006.09.08"]
[EventType "match (corr)"]
[EventRounds "2"]
[EventCountry "GER"]
[SourceTitle "Corr 2015"]
[Source "ChessBase"]
[SourceDate "2015.07.17"]
[SourceVersion "1"]
[SourceVersionDate "2015.07.17"]
[SourceQuality "1"]

1. Nf3 Nc6 2. d4 d5 3. c4 Bg4 4. Nc3 e6 5. Bf4 Nf6 6. e3 Bb4 7. Rc1 0-0 8. Bg5 dxc4 9. Bxc4 e5 10. d5 Na5 11. Bd3 Qd6 12. Bxf6 1/2-1/2

[Event "Madrid-ch sf"]
[Site "Madrid"]
[Date "2006.01.24"]
[Round "8"]
[White "Pastor Alonso de Prado, Emilio Alberto"]
[Black "Salas Romero, Santiago"]
[Result "1/2-1/2"]
[WhiteElo "2192"]
[BlackElo "2122"]
[PlyCount "104"]
[EventDate "2006.01.09"]
[EventType "swiss"]
[EventRounds "9"]
[EventCountry "ESP"]
[SourceTitle "CBM 110 Extra"]
[Source "ChessBase"]
[SourceDate "2006.03.10"]
[SourceVersion "2"]
[SourceVersionDate "2006.03.10"]
[SourceQuality "1"]

1. e4 c5 2. Nf3 d6 3. c3 Nf6 4. Bd3 Nc6 5. 0-0 g6 6. Bc2 Bg7 7. h3 0-0 8. d4 cxd4 9. cxd4 Nb4 10. Bb3 d5 11. e5 Ne4 12. Nc3 Be6 13. Re1 Nxc3 14. bxc3 Nc6 15. Bf4 Rc8 16. Qd2 Na5 17. Bh6 Nc4 18. Qg5 f6 19. Qc1 Re8 20. h4 Qd7 21. Qf4 Rf8 22. Bxg7 Kxg7 23. exf6+ exf6 24. Bxc4 Rxc4 25. Re3 Bf7 26. h5 Rc6 27. h6+ Kg8 28. Rae1 Re6 29. g4 g5 30. Qf5 Rfe8 31. Kg2 Qd6 32. Rxe6 Rxe6 33. Rxe6 Qxe6 34. Nh2 Qxf5 35. gxf5 Kf8 36. Kg3 Bh5 37. f3 Ke7 38. Nf1 Kd6 39. Ne3 b5 40. a3 Kc6 41. Kf2 Kd6 42. Ng2 Be8 43. f4 gxf4 44. Kf3 Bh5+ 45. Kxf4 Ke7 46. Kg3 Be2 47. Nf4 Bc4 48. Kf3 Bb3 49. Ke3 Bc4 50. Kd2 a5 51. Kc2 a4 52. Kd2 Kf7 1/2-1/2

[Event "Madrid-ch sf"]
[Site "Madrid"]
[Date "2006.01.16"]
[Round "4"]
[White "Salas Romero, Santiago"]
[Black "Rabadan Velasco, Raul"]
[Result "1-0"]
[WhiteElo "2122"]
[BlackElo "2236"]
[PlyCount "73"]
[EventDate "2006.01.09"]
[EventType "swiss"]
[EventRounds "9"]
[EventCountry "ESP"]
[SourceTitle "CBM 110 Extra"]
[Source "ChessBase"]
[SourceDate "2006.03.10"]
[SourceVersion "2"]
[SourceVersionDate "2006.03.10"]
[SourceQuality "1"]

1. Nf3 f5 2. d4 Nf6 3. g3 g6 4. b4 Bg7 5. Bb2 0-0 6. Bg2 d6 7. 0-0 c6 8. c4 Qe8 9. Nbd2 h6 10. Qc2 Qf7 11. Nh4 Na6 12. a3 Nc7 13. e4 fxe4 14. Nxe4 g5 15. Nxf6+ Qxf6 16. Ng6 Rf7 17. Be4 Bh3 18. Rfe1 Ne6 19. Rad1 g4 20. d5 Qxb2 21. dxe6 Rf3 22. Nxe7+ Kf8 23. Ng6+ Ke8 24. Qxb2 Bxb2 25. Bxf3 gxf3 26. Re3 Bf5 27. Nh4 Bg4 28. Re4 h5 29. Re3 d5 30. cxd5 cxd5 31. Rxd5 Rc8 32. Nxf3 Bc1 33. Nd2 Rc2 34. f3 Bh3 35. Re2 Bxa3 36. e7 Rc8 37. Rxh5 1-0

[Event "Madrid-ch sf"]
[Site "Madrid"]
[Date "2006.01.11"]
[Round "3"]
[White "Santos Ortigosa, Joaquin"]
[Black "Salas Romero, Santiago"]
[Result "0-1"]
[WhiteElo "1847"]
[BlackElo "2122"]
[PlyCount "52"]
[EventDate "2006.01.09"]
[EventType "swiss"]
[EventRounds "9"]
[EventCountry "ESP"]
[SourceTitle "CBM 110 Extra"]
[Source "ChessBase"]
[SourceDate "2006.03.10"]
[SourceVersion "2"]
[SourceVersionDate "2006.03.10"]
[SourceQuality "1"]

1. e4 c5 2. Nf3 d6 3. c3 Nf6 4. Be2 Nc6 5. d3 g6 6. Be3 Bg7 7. Nbd2 0-0 8. h3 Qa5 9. g4 Rd8 10. g5 Ne8 11. h4 Bg4 12. Nh2 Bxe2 13. Qxe2 b5 14. Ng4 b4 15. Nc4 Qa6 16. h5 bxc3 17. hxg6 fxg6 18. Nh6+ Bxh6 19. Rxh6 cxb2 20. Qxb2 d5 21. exd5 Rxd5 22. Qb3 e6 23. a3 Ng7 24. 0-0-0 Nf5 25. Rh2 Rb8 26. Qc3 Ncd4 0-1

[Event "Madrid-ch sf"]
[Site "Madrid"]
[Date "2006.01.09"]
[Round "1"]
[White "Salas Romero, Santiago"]
[Black "Camacho Casado, Demetrio"]
[Result "0-1"]
[WhiteElo "2122"]
[BlackElo "2032"]
[PlyCount "90"]
[EventDate "2006.01.09"]
[EventType "swiss"]
[EventRounds "9"]
[EventCountry "ESP"]
[SourceTitle "CBM 110 Extra"]
[Source "ChessBase"]
[SourceDate "2006.03.10"]
[SourceVersion "2"]
[SourceVersionDate "2006.03.10"]
[SourceQuality "1"]

1. Nf3 d5 2. d4 Bf5 3. c4 e6 4. Qb3 Nc6 5. Nc3 Nb4 6. Qa4+ c6 7. Kd2 Nf6 8. e3 Nc2 9. Rb1 Ne4+ 10. Nxe4 dxe4 11. Ng1 Nxd4 12. exd4 e3+ 13. fxe3 Bxb1 14. Nf3 Bd6 15. Bd3 Bxd3 16. Kxd3 0-0 17. Qc2 c5 18. Ke2 Qf6 19. b3 Qg6 20. Qxg6 hxg6 21. Ng5 b6 22. Ba3 Be7 23. Ne4 f5 24. Nd2 Rfe8 25. Nf3 cxd4 26. Bxe7 d3+ 27. Kxd3 Rxe7 28. Ne5 g5 29. Kc3 Rc7 30. b4 Rac8 31. Rd1 g6 32. Rd6 Re8 33. Kd4 Kg7 34. b5 Kf6 35. Nc6 g4 36. c5 Rh8 37. Kc4 Rxh2 38. Rd2 Rh1 39. Rc2 g3 40. a4 Rh4+ 41. Kb3 Re4 42. Nxa7 Rxa7 43. cxb6 Raxa4 44. b7 Rab4+ 45. Ka2 Rxb5 0-1